000 00315nam a2200133Ia 4500
005 20251222155210.0
008 251222s9999||||xx |||||||||||||| ||spa||
082 _aETI.215
100 _aANTONIO ESPINOZA.
245 0 _aValores para la aciión
250 _a1ra. ed.
264 _bInstituto Peruano
942 _cLIB
999 _c40278
_d40278